| 000 | 00933nmc a2200337 a 4500 | ||
|---|---|---|---|
| 003 | AR-BaBNM | ||
| 005 | 20251128204248.0 | ||
| 008 | 095019s1986 ||||||||||||||000 | spa|| | ||
| 020 | _a84-206-2478-0 | ||
| 040 | _cAR-BaBNM | ||
| 100 | 1 | _aGreen, H.A.John | |
| 245 | 1 | 0 | _aLa teoría del consumidor |
| 250 | _aed. rev. | ||
| 260 |
_aMadrid _bAlianza Editorial _c1986 |
||
| 300 | 0 |
_a338 p. _bdiagr., tablas |
|
| 490 | 0 |
_aAlianza Universidad _vv. 478 |
|
| 500 | 0 | _aNotas bibliográficas: p.16 | |
| 500 | 0 | _aNotas bibliográficas al final de cada capítulo | |
| 650 | 4 | _aCONSUMIDORES | |
| 650 | 4 | _aCOMERCIALIZACION | |
| 650 | 4 | _aCONSUMO | |
| 650 | 4 | _aINVESTIGACION DE MERCADO | |
| 650 | 4 | _aOFERTA Y DEMANDA | |
| 650 | 4 | _aPRECIOS | |
| 650 | 4 | _aBIENESTAR SOCIAL | |
| 650 | 4 | _aTEORIA ECONOMICA | |
| 650 | 4 | _aINVESTIGACION ECONOMICA | |
| 700 | 1 |
_aDaranas Peláez, Mariano _etraductor |
|
| 942 | _cBK | ||
| 998 | _cEthel | ||
| 999 |
_c6757 _d6757 |
||